| 000 | 00976nac a22002531i 4500 | ||
|---|---|---|---|
| 003 | EG-ScBUE | ||
| 005 | 20231130142947.0 | ||
| 008 | 110117s1964 ua o f 000 0bara d | ||
| 040 |
_aEG-ScBUE _bara _erda _cEG-ScBUE _dEG-ScBUE |
||
| 082 | 0 | 4 |
_a730.92 _bغ ا ز _222 |
| 100 | 1 |
_aأبو غازي، بدر الدين، _d1920-1983، _eمؤلف. |
|
| 245 | 1 | 2 |
_aالمثال مختار / _cتأليف بدر الدين أبو غازي. |
| 264 | 1 |
_aالقاهرة : _bالدار القومية للطباعة والنشر، _c1964. |
|
| 300 |
_a250 صفحة : _bصور ؛ _c32 سم. |
||
| 336 |
_2rdacontent _aنص _btxt |
||
| 337 |
_aبدون وسيط _2rdamedia _bn |
||
| 338 |
_aمجلد _bnc _2rdacarrier |
||
| 490 | 0 | _aالمكتبة العربية | |
| 600 | 1 | 7 |
_aمختار، محمود، _d1891-1934. _2BUEsh |
| 650 | 7 |
_aالنحاتون المصريون _vتراجم. _2BUEsh |
|
| 650 | 7 |
_aالنحت _vتراجم. _2BUEsh |
|
| 655 | _vReading book | ||
| 942 |
_cBB _2ddc |
||
| 999 |
_c8012 _d8012 |
||